Spartacus et la Commune de Berlin, 1918-1919 : le congres de Spartacus, discours sur le programme, testaments politiques de Rosa Luxembourg et de Karl Liebknecht /

محفوظ في:
التفاصيل البيبلوغرافية
المؤلف الرئيسي: Prudhommeaux, André
مؤلفون آخرون: Prudhommeaux, Dori
التنسيق: كتاب
اللغة:English
منشور في: Paris : Spartacus , 1949?.
سلاسل:Spartacus. 2 ser ; no.15
الموضوعات:
LEADER 01093nam a2200265 i 4500
001 c000254088
003 CARM
005 20070905122035.0
008 840829s1949 fr 0 eng d
019 1 |a 9248257  |5 LACONCORD2021 
035 |a (OCoLC)23404538  |5 LACONCORD2021 
040 |a VLU  |c VLU 
082 0 4 |a 335.00943 
100 1 |a Prudhommeaux, André. 
245 1 0 |a Spartacus et la Commune de Berlin, 1918-1919 :  |b le congres de Spartacus, discours sur le programme, testaments politiques de Rosa Luxembourg et de Karl Liebknecht /  |c Andre et Dori Prudhommeaux. 
260 |a Paris :  |b Spartacus ,  |c 1949?. 
300 |a 126 p. :  |b ill. 
440 0 |a Spartacus. 2 ser ;  |v no.15 
600 1 0 |a Luxemburg, Rosa,  |d 1871-1919. 
600 1 0 |a Liebknecht, Karl Paul August Friedrich,  |d 1871-1919. 
650 0 |a Socialism  |z Germany. 
700 1 |a Prudhommeaux, Dori. 
852 8 |b CARM  |h A1:AN36A0  |i A04847  |p 0365626  |f BK 
999 f f |i 2486f07d-367d-59d1-b80c-9b5a20aeba90  |s 6639f5a0-e0ac-5426-b87b-a769389720a6 
952 f f |p Can circulate  |a CAVAL  |b CAVAL  |c CAVAL  |d CARM 1 Store  |e A04847  |f A1:AN36A0  |h Other scheme  |i book  |m 0365626